7 Perso - 1 Pts Commun - Harry Potter #15 - Statistiques

Statistiques générales
  • Ce quiz a été pris 60 fois
  • Le résultat moyen est 3 sur 7
Statistiques - réponses
Personnages % Correct
Lily Potter
94%
Morts pour les Horcruxes
53%
Bertha Jorkins
47%
Hepzibah Smith
47%
Tom Jedusor Sr
45%
Vagabon
34%
Paysan
26%
Aucun quiz correspondant
Distribution des résultats
% des personnes avec chaque résultat
Percentile par nombre de réponses
Votre historique - résultats
Vous n’avez pas pris ce quiz